000 00553nam a22001937a 4500
005 20260515115111.0
008 250902b |||||||| |||| 00| 0 eng d
020 _a9788198813183
040 _aIN-DiNC
_cIN-DiNC
041 _dasm
082 _a301.072
_bBOR
100 _aBorah, Birinchi Kumar
_eauthor
245 _aSamajtattwik anusandhan paddhati (Minor3)/
_cby Birinchi Kumar Borah
250 _a1st ed.
260 _aJorhat:
_bBidya bhawan,
_c2025.
300 _a200p.
650 _aMethods of sociological enquiry (Minor3)
942 _2ddc
_cBK
999 _c12196
_d12196